Statistics for Name a Valid Country #6

Click here to take the quiz!

General Stats

  • This quiz has been taken 2,570 times
    (360 since last reset)
  • The average score is 16 of 20

Answer Stats

Name a country ...Answer% Correct
that possesses nuclear weaponsUK, France, USA...
98%
bigger than ChinaRussia, Canada, USA
98%
which the Himalaya Mountains pass throughChina, India, Pakistan, Nepal, Bhutan, Afghanistan
97%
that previously held territory in the present day USAUK, France, Spain, Mexico, Russia, Netherlands, Sweden
95%
smaller than Liechtenstein but bigger than the Vatican CityNauru, Tuvalu, Monaco, San Marino
94%
with an official claim to AntarticaArgentina, Australia, Chile...
93%
that was part of YugoslaviaCroatia, Macedonia, Montenegro, Serbia, Slovenia, Bosnia and Herzegovina, Kosovo
92%
with a Buddhist majorityCambodia, Thailand, Myanmar...
92%
that touches the Gobi DesertMongolia, China
90%
bordering the Caspian SeaRussia, Iran, Azerbaijan, Kazakhstan, Turkmenistan
88%
on the island of HispaniolaHaiti, Dominican Republic
87%
whose capital starts with HVietnam, Zimbabwe, Cuba, Finland, Solomon Islands
79%
that borders BurundiRwanda, Tanzania, Democratic Republic of Congo
74%
that touches the Kalahari DesertBotswana, Zambia, South Africa, Zimbabwe...
73%
with an overseas British military baseAfghanistan, Brunei, Canada...
70%
visited by Barack Obama in 2012Colombia, Afghanistan, South Korea...
67%
whose flag is gold, white, black, red, blue, greenSouth Africa, South Sudan
47%
whose flag is only red and greenBangladesh, Morocco
46%
with silver production higher than ChinaMexico, Peru
42%
that is part of the Golden CrescentAfghanistan, Pakistan, Iran
40%

Score Distribution

Percentile by Number Answered

Percent of People with Each Score

Your Score History

You have not taken this quiz since the last reset